[Event "HUN-chT Csongrad Region"]
[Site "Hungary"]
[Date "2016.04.24"]
[Round "9.2"]
[White "Magony, Milan"]
[Black "Boa, Bence"]
[Result "0-1"]
[WhiteElo "1270"]
[BlackElo "1688"]
[PlyCount "80"]
[EventDate "2015.09.20"]
[EventType "team-tourn"]
[EventRounds "9"]
[EventCountry "HUN"]
[SourceTitle "EXT 2017"]
[Source "ChessBase"]
[SourceDate "2016.10.25"]
[SourceVersion "1"]
[SourceVersionDate "2016.10.25"]
[SourceQuality "1"]

1. b4 d5 2. Bb2 Nf6 3. e3 Bg4 4. Nf3 e6 5. b5 Nbd7 6. Be2 c6 7. a4 Bd6 8. d4 0-0 9. Nbd2 Rc8 10. h3 Bh5 11. c4 Bb4 12. 0-0 Bxd2 13. Nxd2 Bg6 14. Ba3 Re8 15. Nb3 cxb5 16. axb5 dxc4 17. Nc5 Nxc5 18. Bxc5 b6 19. Bb4 Nd5 20. Ba3 Nc3 21. Qd2 Nxe2+ 22. Kh1 Qd5 23. Rfe1 Bd3 24. Rxe2 Bxe2 25. Qxe2 Qxb5 26. Rc1 Qd5 27. Bb4 b5 28. Bc3 Rb8 29. Rb1 Rec8 30. Qa2 Rb7 31. Rb4 Ra8 32. Qa5 Qc6 33. Rb2 Qb6 34. Qb4 a5 35. Qc5 Qxc5 36. dxc5 b4 37. c6 Rc7 38. Be1 Rxc6 39. Ra2 c3 40. Ra1 h6 0-1

[Event "HUN-chT Csongrad Region"]
[Site "Hungary"]
[Date "2016.04.10"]
[Round "8.5"]
[White "Magony, Milan"]
[Black "Koszta, Benedek"]
[Result "0-1"]
[WhiteElo "1270"]
[BlackElo "1680"]
[PlyCount "72"]
[EventDate "2015.09.20"]
[EventType "team-tourn"]
[EventRounds "9"]
[EventCountry "HUN"]
[SourceTitle "EXT 2017"]
[Source "ChessBase"]
[SourceDate "2016.10.25"]
[SourceVersion "1"]
[SourceVersionDate "2016.10.25"]
[SourceQuality "1"]

1. b4 e6 2. Bb2 Nf6 3. b5 d5 4. e3 Be7 5. c4 dxc4 6. Bxc4 0-0 7. Nf3 c6 8. a4 cxb5 9. axb5 b6 10. d4 Bb7 11. Nbd2 Nbd7 12. 0-0 Bb4 13. Ba3 Bxa3 14. Rxa3 Qb8 15. h3 Rc8 16. Bd3 Nd5 17. Nb1 N7f6 18. e4 Nf4 19. e5 Nxd3 20. exf6 Nf4 21. fxg7 Rc1 22. Qd2 Rxf1+ 23. Kxf1 Be4 24. Qd1 Qd6 25. Re3 Bg6 26. Ng1 Qd5 27. f3 Qxb5+ 28. Ne2 Nxe2 29. Rxe2 Qxb1 30. Qxb1 Bxb1 31. Re5 Kxg7 32. Rg5+ Kf6 33. f4 b5 34. Rg3 Bg6 35. Rb3 a5 36. Rxb5 Bd3+ 0-1